Hockey Goalie Brands Quiz - Statistics

General Stats
  • This quiz has been taken 35 times
  • The average score is 6 of 10
Answer Stats
Hint Answer % Correct
I was partnered with Lefevre and my most recent pad is the E-Flex 6 CCM
100%
Andrei Vasilevskiy wears me and I am the most popular brand in hockey Bauer
92%
Jonathan Quick wore me for almost his entire career and founded in 1982 Vaughn
75%
Jeremy Swayman and Connor Hellebuyck wear this brand (2024) True / Lefevre
71%
Robin Lehner and Igor Shesterkin wore me (2022-2024) Brians
67%
I am the least worn goalie brand but popular in European leagues especially Germany/DEL Warrior
58%
The legendary Patrick Roy wore _____ revolutions in 1993-94 Koho
50%
Henrik Lundqvist wore this brand until 2009 TPS
46%
Craig Anderson wore this brand before switching to TPS Sherwood
42%
Worn by the infamous goalie who said "It's only game, why you have to be mad?" Itech
17%
No matching quizzes found
Score Distribution
Percent of People with Each Score
Percentile by Number Answered
Your Score History
You have not taken this quiz